| 000 | 01023nam a2200289 i 4500 | ||
|---|---|---|---|
| 001 | 000037769 | ||
| 003 | DO-SdBPM | ||
| 005 | 20251121102547.0 | ||
| 007 | ta | ||
| 008 | 130305s2000 dr r 000 0 spa d | ||
| 020 | _a9993401471 | ||
| 040 |
_aDO-SdBPM _bspa _cBPMSU _erda _d |
||
| 082 | 4 |
_a510 _bG934m 2000 _222 |
|
| 100 | 1 |
_aGuerrero Sánchez, Luis Manuel, _d1939- _eautor |
|
| 245 | 1 | 0 |
_aMatemáticas : _bsus fundamentos en secuencia óptima / _cLuis M. Guerrero Sánchez. |
| 264 | 1 |
_aSanto Domingo : _bCorripio, _c2000. |
|
| 300 |
_avolumen ; _c25 cm. |
||
| 336 |
_2rdacontent _atexto _btxt |
||
| 337 |
_2rdamedia _asin mediación _bn |
||
| 338 |
_2rdacarrier _avolumen _bnc |
||
| 500 | _a | ||
| 500 | _aEn la portada: Nuevas ideas y conceptos para el aprendizaje más racional de las mátemáticas desde el principio y su comprensión para toda la vida. | ||
| 590 | _aInventariado, 2025/VM | ||
| 650 | 7 |
_aMatemática _xEstudio y enseñanza |
|
| 910 | _aVMateo V. Control de la calidad. BPMSU | ||
| 942 |
_2ddc _cBK |
||
| 999 |
_c15534 _d15534 |
||